Countries Containing The Letter: I - Statistics

General Stats
  • This quiz has been taken 7 times
  • The average score is 114 of 117
Answer Stats
Answer % Correct
Afghanistan
100%
Albania
100%
Algeria
100%
Antigua and Barbuda
100%
Argentina
100%
Armenia
100%
Australia
100%
Austria
100%
Azerbaijan
100%
Bahrain
100%
Belize
100%
Bolivia
100%
Bosnia and Herzegovina
100%
Brazil
100%
Brunei
100%
Bulgaria
100%
Burkina Faso
100%
Burundi
100%
Cambodia
100%
Chile
100%
China
100%
Colombia
100%
Costa Rica
100%
Croatia
100%
Czech Republic
100%
Djibouti
100%
Dominica
100%
Dominican Republic
100%
East Timor
100%
Equatorial Guinea
100%
Eritrea
100%
Eswatini
100%
Fiji
100%
Finland
100%
Gambia
100%
Georgia
100%
Guinea
100%
Guinea-Bissau
100%
Haiti
100%
Iceland
100%
India
100%
Indonesia
100%
Iran
100%
Iraq
100%
Ireland
100%
Israel
100%
Italy
100%
Jamaica
100%
Kiribati
100%
Kuwait
100%
Latvia
100%
Liberia
100%
Libya
100%
Liechtenstein
100%
Lithuania
100%
Malawi
100%
Malaysia
100%
Maldives
100%
Mali
100%
Marshall Islands
100%
Mauritania
100%
Mauritius
100%
Mexico
100%
Mongolia
100%
Namibia
100%
Nicaragua
100%
Niger
100%
Nigeria
100%
North Macedonia
100%
Pakistan
100%
Papua New Guinea
100%
Philippines
100%
Republic of the Congo
100%
Romania
100%
Russia
100%
Saint Kitts and Nevis
100%
Saint Lucia
100%
Saint Vincent and the Grenadines
100%
San Marino
100%
Sao Tome and Principe
100%
Saudi Arabia
100%
Sierra Leone
100%
Singapore
100%
Slovakia
100%
Slovenia
100%
Solomon Islands
100%
South Africa
100%
Spain
100%
Sri Lanka
100%
Suriname
100%
Switzerland
100%
Syria
100%
Tajikistan
100%
Tanzania
100%
Thailand
100%
Trinidad and Tobago
100%
Tunisia
100%
Turkmenistan
100%
Ukraine
100%
United Arab Emirates
100%
United Kingdom
100%
United States
100%
Uzbekistan
100%
Vietnam
100%
Zambia
100%
Zimbabwe
100%
Belgium
86%
Benin
86%
Central African Republic
86%
Estonia
86%
Ethiopia
86%
Ivory Coast
86%
Micronesia
86%
Mozambique
86%
Somalia
86%
Cayman Islands
29%
Seria
0%
No matching quizzes found
Score Distribution
Percent of People with Each Score
Percentile by Number Answered
Your Score History
You have not taken this quiz